000 00767nam a2200253Ia 4500
003 OSt
005 20220928133017.0
006 a|||||r|||| 00| 0
007 ta
008 220927b |||||||| |||| 00| 0 eng d
020 _c2500
024 _a110951
037 _b1436, 04/02/2011, Kiran Book Service
_cTextual
040 _aSDCL
_cSDCL
_beng
041 _2eng
_aeng
082 _aNA2,C, Q0.1-.2
100 _aAcharya Parasanna Kumar
_9484022
245 0 _aArchitecture of manasara.2V.
260 _aDelhi
_bNew Bhartiya Book Corporation
_c2010
490 _vV.1:xlviii,506p.
650 _aSanskrit
_9391587
942 _hNA2,C, Q0.1-.2
_cTEXL
_2CC
999 _c797298
_d797298